000 01055cam a2200313 i 4500
001 16267365
003 EG-ScBUE
005 20250728102455.0
008 100604t2011 flua f b 001 0 eng d
020 _a9781420080421 (hardcover : alk. paper)
040 _aDLC
_beng
_erda
_cDLC
_dDLC
_dEG-ScBUE
082 0 4 _a543.0021
_222
_bBRU
100 1 _aBruno, Thomas J.,
_eauthor.
_938423
245 1 0 _aHandbook of basic tables for chemical analysis /
_cThomas J. Bruno, Paris D. N. Svoronos.
250 _aThird edition.
264 1 _aBoca Raton :
_bCRC Press / Taylor & Francis,
_c[2011]
264 4 _cc2011
300 _axviii, 869 pages :
_billustrations ;
_c26 cm
336 _2rdacontent
_atext
_btxt
337 _2rdamedia
_aunmediated
_bn
338 _2rdacarrier
_avolume
_bnc
504 _aIncludes bibliographical references and index.
650 7 _aChemistry, Analytic.
_2BUEsh
_913137
651 _2BUEsh
653 _bPPhrm
_cJune2015
_cSeptember2015
655 _vReading book
700 1 _aSvoronos, Paris D. N.,
_eauthor.
942 _2ddc
_cBB
999 _c20058
_d20030